LIBRARY ONLINE CATALOGUE

The kingdom of God and the glory of the cross / (Record no. 21009)

MARC details
000 -LEADER
fixed length control field 01274cam a2200337 i 4500
001 - CONTROL NUMBER
control field 19667753
003 - CONTROL NUMBER IDENTIFIER
control field OSt
005 - DATE AND TIME OF LATEST TRANSACTION
control field 20251210143013.0
008 - FIXED-LENGTH DATA ELEMENTS--GENERAL INFORMATION
fixed length control field 170530s2018 ilu b 001 0 eng
010 ## - LIBRARY OF CONGRESS CONTROL NUMBER
LC control number 2017025763
020 ## - INTERNATIONAL STANDARD BOOK NUMBER
International Standard Book Number 9781433558238
Qualifying information tp
035 ## - SYSTEM CONTROL NUMBER
System control number 19667753
040 ## - CATALOGING SOURCE
Original cataloging agency DLC
Language of cataloging eng
Transcribing agency DLC
Description conventions rda
Modifying agency DLC
042 ## - AUTHENTICATION CODE
Authentication code pcc
050 00 - LIBRARY OF CONGRESS CALL NUMBER
Classification number BS680.K52
Item number S37 2018
082 00 - DEWEY DECIMAL CLASSIFICATION NUMBER
Classification number 231.7/2
Edition number 23
100 1# - MAIN ENTRY--PERSONAL NAME
Personal name Schreiner, Patrick,
Relator term author.
245 14 - TITLE STATEMENT
Title The kingdom of God and the glory of the cross /
Statement of responsibility, etc. Patrick Schreiner.
264 #1 - PRODUCTION, PUBLICATION, DISTRIBUTION, MANUFACTURE, AND COPYRIGHT NOTICE
Place of production, publication, distribution, manufacture Wheaton, Illinois :
Name of producer, publisher, distributor, manufacturer Crossway,
Date of production, publication, distribution, manufacture, or copyright notice [2018]
300 ## - PHYSICAL DESCRIPTION
Extent 159 pages ;
Dimensions 21 cm.
336 ## - CONTENT TYPE
Content type term text
Content type code txt
Source rdacontent
337 ## - MEDIA TYPE
Media type term unmediated
Media type code n
Source rdamedia
338 ## - CARRIER TYPE
Carrier type term volume
Carrier type code nc
Source rdacarrier
490 0# - SERIES STATEMENT
Series statement Short studies in biblical theology
504 ## - BIBLIOGRAPHY, ETC. NOTE
Bibliography, etc Includes bibliographical references and index.
650 #0 - SUBJECT ADDED ENTRY--TOPICAL TERM
Topical term or geographic name as entry element Kingdom of God
General subdivision Biblical teaching.
776 08 - ADDITIONAL PHYSICAL FORM ENTRY
Relationship information Online version:
Main entry heading Schreiner, Patrick, author.
Title Kingdom of God and the glory of the cross
Place, publisher, and date of publication Wheaton : Crossway, 2018
International Standard Book Number 9781433558245
Record control number (DLC) 2018002643
906 ## - LOCAL DATA ELEMENT F, LDF (RLIN)
a 7
b cbc
c orignew
d 1
e ecip
f 20
g y-gencatlg
942 ## - ADDED ENTRY ELEMENTS (KOHA)
Source of classification or shelving scheme Library of Congress Classification
Koha item type General Collection
Holdings
Withdrawn status Lost status Source of classification or shelving scheme Not for loan Home library Current library Shelving location Date acquired Source of acquisition Inventory number Total Checkouts Full call number Barcode Date last seen Copy number Price effective from Koha item type
    Library of Congress Classification   Kabarak, Main Campus Kabarak, Main Campus General Stacks 10/12/2025 Donation 2025/3579   BS680.K52 S37 2018 C.1 39955 10/12/2025 C.1 10/12/2025 General Collection